Ends in "-ack" - Statistics

General Stats
  • This quiz has been taken 50 times
  • The average score is 17 of 22
Answer Stats
Hint Answer % Correct
The part of your torso you seldom get to see. It's where you keep your spine Back
98%
Your old Disco tapes had 8 of them, or, what a train rides on Track
93%
What you want your army to do. "Charge!!" Attack
91%
An absence or shortage of something, such as funding or education Lack
91%
To put clothes into a suitcase for your vacation or business trip Pack
91%
To gain unauthorized access to a computer system, electronically and illegally Hack
89%
A sharp blow, or, a big juicy kiss Smack
89%
A cloth bag, handy for toting things, or, to fire someone in the UK Sack
87%
How your duck says "Good morning" (or "Good evening," for that matter) Quack
84%
Looseness in a rope or cable (Cut me some...) Slack
84%
A pointy fastener for bulletin boards, to zig-zag your sailboat into the wind, saddles and bridles for horses Tack
82%
A framework for storing wine bottles or neckties... or for stretching people Rack
80%
Another sharp blow, often administered to moles with a mallet Whack
80%
A low denomination face card, a tool for changing flat tires, that guy who "hit the road" Jack
78%
You may do this with building blocks but never to a deck of playing cards Stack
78%
A structural flaw that sometimes occurs in mirrors, sidewalks and Liberty Bells Crack
73%
Sultry 70s Soul singer, Roberta, who gave us "Killing Me Softly" and "Feel Like Makin' Love" Flack
69%
Caught off guard: To be taken _____ Aback
64%
Controversial method for extracting gas or oil from rock Frack
58%
A talent or learned technique. Also, the band that gave us "My Sharona" Knack
51%
"Saved by the Bell" protagonist Morris, or US filmmaker Snyder Zack
44%
Old-time exclamation of woe, often paired with "Alas!" Alack
31%
No matching quizzes found
Score Distribution
Percent of People with Each Score
Percentile by Number Answered
Your Score History
You have not taken this quiz